Normal view
MARC view
- ROBOTICS.SOFTWARE ROBOT CONTROLS
Entry Topical Term
001 - CONTROL NUMBER
- control field: 74542
003 - CONTROL NUMBER IDENTIFIER
- control field: NUST
005 - DATE AND TIME OF LATEST TRANSACTION
- control field: 20210628205236.0
008 - FIXED-LENGTH DATA ELEMENTS
- fixed length control field: 210628|| aca||aabn | a|a d
040 ## - CATALOGING SOURCE
- Original cataloging agency: NUST
- Transcribing agency: NUST
150 ## - HEADING--TOPICAL TERM
- Topical term or geographic name entry element: ROBOTICS.SOFTWARE ROBOT CONTROLS
670 ## - SOURCE DATA FOUND
- Source citation: Work cat.: (NUST): Wilcher, Don 74541, Lego mindstorms interfacing,wireless applications, electromechanical controls and software gui's, 2002
